000 00725cam a2200181 4500
001 WB3802-31
008 020117n2002 000 0 eng u
035 _a(Sirsi) u116351
245 _aRICS and NAEA in talks
260 _c2002
490 _aRICS Press Release
_v(pr009) 16 January 2002, (2)
520 _aRICS is in discussion with the National Association of Estate Agents regarding ways in which the two bodies could co-operate. No merger is planned; instead NAEA members could be part of an RICS estate agency forum which would operate in parallel with the RICS Residential Faculty.
590 _aWB
650 _aRESIDENTIAL ESTATE AGENTS
650 _aPROFESSIONAL BODIES
690 _aRICS NEWS
942 _n0
999 _c69303
_d69303